| 000 | 00525nam a2200169Ia 4500 | ||
|---|---|---|---|
| 008 | 180921t2015 xxu||||| |||| 00| 0 sin d | ||
| 041 | _asin | ||
| 080 |
_a92 _bGAM |
||
| 100 |
_aGunasena,Gamini Samarasingha _etr. |
||
| 245 | _aමැරුවත් මැරුණේ නැති ෆිදෙල් කස්ත්රෝ | ||
| 246 | _aMaruwath Marune Nathi Fidel Castro | ||
| 260 |
_bSunera Publisher _aNugegoda _c2015 |
||
| 300 | _b96p, 22cm | ||
| 942 | _cBK | ||
| 999 |
_c1765 _d1765 |
||
| 003 | LK-CoDNM | ||
| 040 |
_aLK-CoDNM _dLK-CoDNM _eLK-CoDNM |
||